International law and the resolution of Central and East European transboundary environmental disputes (Record no. 123029)
[ view plain ]
| 000 -LEADER | |
|---|---|
| fixed length control field | 01482nam a2200361 a 4500 |
| 082 04 - DEWEY DECIMAL CLASSIFICATION NUMBER | |
| Classification number | 341.762 |
| 100 1# - MAIN ENTRY--AUTHOR NAME | |
| Personal name | Williams, Paul R. |
| 245 10 - TITLE STATEMENT | |
| Title | International law and the resolution of Central and East European transboundary environmental disputes |
| 260 ## - PUBLICATION, DISTRIBUTION, ETC. (IMPRINT) | |
| Place of publication | Basingstoke : |
| Name of publisher | Macmillan, |
| Year of publication | 2000. |
| 300 ## - PHYSICAL DESCRIPTION | |
| Number of Pages | xxiii, 345 p. |
| 650 #0 - SUBJECT ADDED ENTRY--TOPICAL TERM | |
| Topical Term | Transboundary pollution |
| Topical Term | Transboundary pollution |
| Topical Term | Environmental law, International. |
| Topical Term | Environmental law, International |
| 856 40 - ELECTRONIC LOCATION AND ACCESS | |
| Uniform Resource Identifier | http://site.ebrary.com/lib/rucke/Doc?id=2004502 |
No items available.
